| 000 | 00424nam a2200121Ia 4500 | ||
|---|---|---|---|
| 008 | 171212s9999 xx 000 0 und d | ||
| 020 | _a9781911307426 | ||
| 100 | _aBrügger, Niels;Schroeder, Ralph | ||
| 245 |
_cBrügger, Niels;Schroeder, Ralph _aWeb as History _bUsing Web Archives to Understand the Past and the Present |
||
| 260 |
_bUCL Press _c2017 |
||
| 650 | _aSociology | ||
| 856 | _uhttp://jstor.org/stable/j.ctt1mtz55k | ||
| 999 |
_c352897 _d352897 |
||